Quizzes
Events
Quiz Creation
Community
Videos
Private Events
Remove Ads
Sign In
Join for FREE
Feedback
Dark Mode
Quiz Categories
Sports
Geography
Music
Movies
Television
Just For Fun
Miscellaneous
History
Literature
Language
Science
Gaming
Entertainment
Religion
Holiday
For Kids
Quiz Lab
Recent
Popular Today
Quiz Kudos Today
Editor Picks
Curator Picks
Quizzes by...
Day
Popularity
Type
Ratings
Length
Year
Community
Subscriptions
Recent Discussions
Orange Saloon
Badges
Playlists
Quests
Create
Leaderboards
Showdown
Live 5
Trivia Bingo
Activity
Puzzle Library
Sporcle Events
Private Events
Virtual Trivia
Globe League
Become a Host
Pub Owners
SporcleCon
Opinionation
Our Games
Videos
Blog
Mobile Apps
Partnerships
Remove Ads and Go Orange
Feedback
History
US Presidents
World Leaders
Politics
Nation
Discovery
War
Decade
Year
Century
Biography
Art
History
US Presidents
World Leaders
Politics
Nation
Discovery
War
Decade
Year
Century
Biography
Art
Random Quiz
Search Sporcle
×
Quiz Lab
Quiz Lab
History
Greek
Type in answers that appear in a list
Type in answers that appear in a list
Classic
Best Score? Go Orange.
History of Greek Life Stats
Can you name the History of Greek Life?
By
trajon2411
10m
13 Questions
230 Plays
230 Plays
230 Plays
Comments
Comments
Give Quiz Kudos
Give Quiz Kudos
-
- Ratings
hide this ad
Replay
Link that replays current quiz
Next Quiz
Link to next quiz in quiz playlist
You Got
0%
They Got
Avg Score
54%
Avg Friend Score
Upgrade to see
Score Distribution
Jump to the score distribution portion of the page
Score
0/13
Timer
10:00
0
Plays Today
Questions
Answers
% Correct
What is the oldest women's fraternity?
Alpha Delta Pi
63.9%
What is the oldest Greek-
lettered fraternity?
Phi Beta Kappa
61.3%
What was the first women's Greek lettered society?
Kappa Alpha Theta
60.9%
What was the first fraternity?
The Fat Hat Club
58.7%
When was the first fraternity organized?
1750
58.3%
What is Delta Chi's nickname?
D-Chi
57.4%
When was Delta Chi founded?
1890
54.3%
Name the Union Triad
Kappa Alpha Society, Sigma Phi, Delta Phi
51.7%
What is the quote on the bottom of page 12?
A Mystic Bond of Brotherhood makes all men one
51.3%
What president was a Delta Chi?
Benjamin Harrison
51.3%
Who wrote the quote on the bottom of page 12?
Thomas Carlyle
50.4%
Where was Delta Chi founded?
Cornell University, NY
47.8%
Name the Miami Triad
Beta Theta Pi, Phi Delta Theta, Sigma Chi
46.1%
Quiz Playlist
Details
Report
Send in Message
Add To Playlist
Classic:
Type in answers that appear in a list
Last Updated: Feb 16, 2017
Quiz Scoreboard
CHALLENGE
Sign Up to Join the Scoreboard
Show All
Scores
Hide
Comments
May contain spoilers
Recently Published
Movies - When Are They Set?
by FPL_Elf
Movies
5m
Popular People in 1961
by mucciniale
History
6m
1-10 Letter E Words III
by El_Dandy
Language
2m
More to Explore
Quiz From the Vault
Featured Blog Post
Where Did the Easter Bunny Come From?
hide this ad
You Might Also Like...
Tags
Fraternity
Greek
life
Today's Top Quizzes in History
Browse History
hide this ad
Today's Top Quizzes in Greek
Browse Greek
Top Contributed Quizzes in History
1
Popular People in 1991
2
Popular People in 1981
3
Popular People in 1951
4
Popular People in 1941
5
Popular People in 1986
6
Popular People in 1976
7
Popular People in 1921
8
I Am Born On March 28th
9
Popular People in 1946
10
Popular People in 1936
Explore More
Trending Topics
Marvel
Harry Potter
Anime
Crossword
Kpop
NBA
Disney
Soccer
Puzzle
WWE
Country
Pokémon
The Office
Song
NFL
hide this ad
More By:
trajon2411
Quiz
Plays
Rating
Category
Featured
Created
History of Greek Life
230
1.00
History
Sep 19, 2010
Delta Chi Test 4
165
History
Sep 30, 2010
D Chi-2
78
1.00
History
Sep 22, 2010
Go to Creator's Profile
Score Distribution
Quiz Creator Spotlight
trajon2411
Follow
Send a Message
Quizzes Created
-
Created Quiz Play Count
-
More By This Creator
Popular Quizzes Today
1
Find the Countries of Europe - No Outlines Minefield
2
Find the US States - No Outlines Minefield
3
The Countries of the World
4
Popular People in 1961
5
US States
6
1-10 Letter E Words III
7
Find the US States
8
One Thing in Common: World Cities II
More History Quizzes
On This Day: March 18th II
Published
Trending Quizzes
Risky Map Clicking: Least Populous States A-Z
1-10 Letter F Words
1-10 Letter G Words
One Thing in Common: United Kingdom
Risky Map Clicking: Next State Alphabetically
Recently Updated
Leaping Animals
pecheneg
Reality TV Shows (A-Z)
bhenderson79
Rickey Henderson's Hall of Fame Teammates
pecheneg
Champions League XIs: Arsenal
pecheneg
Quick Pick: Celebrities in WWE's Hall of Fame
aduchscher
A-Z Keypad Blitz II
pecheneg
Multiple Oscar Actors
pecheneg
Mystery Phrase Blitz: Oscar 'Best Actors'
pecheneg
F. Scott Fitzgerald Novels
LTH
Pick 3 Villains
ddd62291
Trending Topics
Marvel
Disney
Anime
Kpop
Crossword
Harry Potter
NBA
Soccer
Pokémon
The Office
Country
WWE
NFL
Puzzle
Song
Your Account Isn't Verified!
In order to create a playlist on Sporcle, you need to verify the email address you used during registration. Go to your
Sporcle Settings
to finish the process.
Report this User
Report this user for behavior that violates our
Community Guidelines
.
Details:
Send Report
Go to the Sporcle.com Mobile Site →
Comments